MARC

LEADER 00000nam0a2200000 4500
001 311100
005 20231102002343.0
035 |a (RuTPU)RU\TPU\book\336455 
035 |a RU\TPU\book\277585 
090 |a 311100 
100 |a 20151202d1981 k y0rusy5003 ca 
101 0 |a rus 
102 |a RU 
105 |a a z 001zy 
200 1 |a Исследование и разработка проточных частей гидротурбин и обратимых гидромашин  |e [сборник научных трудов]  |f Научно-производственное объединение по исследованию и проектированию энергетического оборудования им. И. И. Ползунова (НПО ЦКТИ) ; под ред. В. И. Григорьева 
210 |a Ленинград  |c Изд-во НПО ЦКТИ  |d 1981 
215 |a 103 с.  |c ил. 
225 1 |a Труды ЦКТИ  |v Вып. 186 
320 |a Библиогр. в конце ст. 
606 1 |a Гидравлические машины  |x Кавитация  |2 stltpush  |3 (RuTPU)RU\TPU\subj\6486  |9 34363 
610 1 |a гидротурбины 
610 1 |a гидротурбостроение 
610 1 |a гидравлические турбины 
610 1 |a гидромашины 
610 1 |a проточная часть 
610 1 |a кавитационные исследования 
610 1 |a гидродинамические методы 
610 1 |a рабочие колеса 
610 1 |a лопастные системы 
610 1 |a энергетические характеристики 
610 1 |a эрозия 
675 |a 621.22  |z rus  |v 4 
702 1 |a Григорьев  |b В. И.  |4 340 
712 0 2 |a Научно-производственное объединение по исследованию и проектированию энергетического оборудования им. И. И. Ползунова (НПО ЦКТИ)  |c (Санкт-Петербург)  |c (1994- )  |2 stltpush  |3 (RuTPU)RU\TPU\col\311 
801 0 |a RU  |b 63413507  |c 19950417  |g psbo 
801 1 |a RU  |b 63413507  |c 20060211  |g PSBO 
801 2 |a RU  |b 63413507  |c 20171018  |g PSBO 
942 |c BK